000 01066nam a22003257a 4500
001 BR0706596
003 BR-BrBNA
005 20230928102553.0
007 ta
008 230509b bl.||||| |||| 00| 0 por d
040 _aBR-BrBNA
_bpor
_cBiblioteca Nacional de Agricultura
041 _a(Por)
072 _aE50; E70; E71
090 _ E50 BR0706596
110 1 _aSociedade Brasileira de Economia e Sociologia Rural, Brasília, DF (Brasil)
_99678
111 1 _a40. Congresso Brasileiro de Economia e Sociologia Rural
_cPasso Fundo, RS (Brazil)
_d28-31 Jul 2002
245 1 _aAnais do 40. Congresso Brasileiro de Economia e Sociologia Rural; eqüidade e eficiência na agricultura brasileira
260 3 _aPasso Fundo, RS (Brasil):
_c2002.
300 _a333 p.
500 _aSummary only
650 _aECONOMIA RURAL
650 _aSOCIOLOGIA RURAL
650 _aAGRONEGÓCIO
650 _aCOMERCIALIZAÇÃO
650 _aEXPORTAÇÃO
650 _aPREÇO
650 _aSEGURANÇA ALIMENTAR
909 _a202309
_bLucia
_c55
_dLucia Elande
942 _cBK
999 _c71462
_d71462